|
|
|
|
| LEADER |
00851pam a22002658a 4500 |
| 001 |
00037036 |
| 005 |
20171026081025.0 |
| 008 |
170419s2011 ||||||Viesd |
| 020 |
|
|
|c 28000
|
| 041 |
0 |
# |
|a Vie
|
| 082 |
1 |
4 |
|a 742
|b GI108TR
|
| 100 |
1 |
# |
|a Phạm, Văn Tuyến
|
| 245 |
0 |
0 |
|a Giáo trình luật xa gần
|c Phạm Văn Tuyến
|
| 260 |
# |
# |
|a Hà Nội
|b Đại học sư phạm
|c 2011
|
| 300 |
# |
# |
|a 119 tr.
|b Ảnh màu
|c 24 cm.
|
| 650 |
# |
4 |
|a Hội họa
|
| 653 |
# |
# |
|a Luật xa gần
|
| 653 |
# |
# |
|a Phối cảnh
|
| 653 |
# |
# |
|a Vẽ
|
| 852 |
# |
# |
|b Kho mượn
|j KGT.0013164, KGT.0013191, KGT.0052526, KGT.0052527
|
| 852 |
# |
# |
|j KGT.0013191
|j KGT.0052527
|j KGT.0013164
|j KGT.0052526
|
| 910 |
0 |
# |
|d 19/04/2017
|
| 980 |
# |
# |
|a Trung tâm Học liệu Lê Vũ Hùng, Trường Đại học Đồng Tháp
|